000 01153nam a22002657a 4500
999 _c22102
_d22102
003 AR-CdUCM
008 190425b ||||| |||| 00| 0 spa d
040 _aMUNICIPALIDAD PROVINCIAL DEL CUSCO
_cBIBLIOTECA MUNICIPAL DEL CUSCO
082 _aParlante/N°110/2012
110 _aCentro Guamán Poma de Ayala
_920511
245 _aParlante :
_bRevista del Cusco /
260 _aCusco :
_bCentro de Educación y Comunicación Guamán Poma de Ayala,
_c2012.
300 _a36 páginas. :
_bilustraciones ;
_c30 cm.
440 _aParlante revista del Cusco.
_nAño 26, N°110, diciembre 2011-enero 2012.
_947447
505 _aContenido: La receta fracasada. -- El compromiso por la inclusión. Wlfredo Ardito. -- Recordando a Eulogio Nishiyama. -- Museo de las plantas tradicionales. Luis Nieto. ...
650 _aActualidad y política
_947410
650 _aCentro Histórico Cusco
_946767
650 _aEducación, cultura y deportes
_947422
650 _aMedio ambiente
_947423
700 _aNieto Degregori, Luis
_96534
700 _aGaliano Román, Juan
_947435
710 _aCentro Guamán Poma de Ayala
_920511
942 _2ddc
_cPP
945 _avhl